1498 1242 1832 1754 1303 1443 1875 1762 1416 1555 1032 1236 1307 1788 1897 1327 1109 1054 1211 1420 1080 1846 1126 1013 1774 1430 1282 1109 1644 1213 1449 1936 1109 1499 1798 1835 1782 1835 1287 1449 1415 1868 1546 1287 1874 1730 1040 1881 1656 1469 1299 1333 1984 1989 1014 1333 1317 1128 1177 1052 1916 1373 1449 1105 1635 1559 1878 1014 1059 1133 1440 1504 1667 1620 1047 1895 1455 1920 1523 1007 1599 1091 1458 1338 1109 1592 1939 1305 1728 1450 1597 1739 1614 1955 1684 1294 1529 1759 1492 BCNSPRNW ULIB Ver.6.0+V

เปลี่ยนเป็นภาษาไทย

Change to English
 แสดงรายละเอียดบรรณานุกรม
  กลับหน้าหลัก

Brief Record : Get Marc (ISO 2709) : E-mail record : QR code < ปิดหน้าต่าง
LEADER : 00000nam 2200000uu 4500
001    13399122854
003     ULIB
008    131022s2555||||th 000 0 tha d
020    ^a9789742473747
050  4 ^aDS520^bอ111ร
100    ^aอากิ อคิราภ์
245    ^aเราคืออาเซียน-- เมียนมาร์ /^cอากิ อคิราภ์
250    ^aพิมพ์ครั้งที่ 4
260    ^aกรุงเทพฯ :^bอมรินทร์คอมมิกส์,^c2555
300    ^a58 หน้า
440  0 ^aชุด เราคืออาเซียน
650  7 ^aประชาคมอาเซียน
650  7 ^aอาเซียน
650  7 ^aเมียนมาร์
945    ^p75^l0^i034076
999    ^aทศพร
รายการนี้ยังไม่มีแท็ก
คุณยังไม่ได้ล็อกอิน คุณสามารถมีกิจกรรมร่วมกับเว็บไซต์ได้ แต่ต้องล็อกอินก่อน ::
  ล็อกอิน

รายการสื่อสารสนเทศ

ลำดับที่ ประเภท เลขเรียก/บาร์โค้ด สถานที่ สถานะ
1. การศึกษาทั่วไป
หนังสือสำรอง
สถานะ=หนังสือสำรอง
DS520 อ111ร ฉ.1 
  Barcode: 034076
ห้องสมุดวิทยาเขตสวรรค์ประชารักษ์
►หนังสือทั่วไป
บนชั้น

รายการใกล้เคียง
    ผู้แต่ง [อากิ อคิราภ์]

    หัวเรื่อง [ประชาคมอาเซียน]
    หัวเรื่อง [อาเซียน]
    หัวเรื่อง [เมียนมาร์]

BibComment


ยังไม่เคยถูกคอมเมนท์

คอมเมนท์ทรัพยากรรายการนี้
  คอมเมนท์: เราคืออาเซียน เม..


 Copyright 2026. Bcnsprnw @Library